000
00316nam a2200145Ia 4500
100
_a
Radhakrishnan/ P.
942
_c
BK
654
_a
Cad/Cam/Cim
245
_a
CAD/CAM/CIM- 2nd ed
260
_b
NEW AGE INTERNATIONAL
_a
Mumbai
_c
2000
082
_a
670.285
_b
RAD
300
_a
675
546
_a
ENGLISH
999
_c
21771
_d
21771